header

Agricultural innovation systems (Record no. 244464)

MARC details
000 -LEADER
fixed length control field 01391nam a2200361 a 4500
082 04 - DEWEY DECIMAL CLASSIFICATION NUMBER
Classification number 338.1/6
245 00 - TITLE STATEMENT
Title Agricultural innovation systems
260 ## - PUBLICATION, DISTRIBUTION, ETC. (IMPRINT)
Place of publication Washington, D.C. :
Name of publisher World Bank,
Year of publication 2012.
300 ## - PHYSICAL DESCRIPTION
Number of Pages xx, 658 p. :
Other physical details ill.
490 1# - SERIES STATEMENT
Series statement Agriculture and rural development
650 #0 - SUBJECT ADDED ENTRY--TOPICAL TERM
Topical Term Agricultural innovations
Topical Term Agriculture
Topical Term Rural development.
856 40 - ELECTRONIC LOCATION AND ACCESS
Uniform Resource Identifier http://site.ebrary.com/lib/rucke/Doc?id=10538024

No items available.

© 2026 Rongo University
Contact us: librarian | system librarian | Rongo university